Quizzes
Events
Quiz Creation
Community
Videos
Private Events
Remove Ads
Sign In
Join for FREE
Feedback
Dark Mode
Quiz Categories
Sports
Geography
Music
Movies
Television
Just For Fun
Miscellaneous
History
Literature
Language
Science
Gaming
Entertainment
Religion
Holiday
For Kids
Quiz Lab
Recent
Popular Today
Quiz Kudos Today
Editor Picks
Curator Picks
Quizzes by...
Day
Popularity
Type
Ratings
Length
Year
Community
Subscriptions
Recent Discussions
Orange Saloon
Badges
Playlists
Quests
Create
Leaderboards
Showdown
Live 5
Trivia Bingo
Activity
Puzzle Library
Sporcle Events
Private Events
Virtual Trivia
Globe League
Become a Host
Pub Owners
SporcleCon
Opinionation
Our Games
Videos
Blog
Mobile Apps
Partnerships
Remove Ads and Go Orange
Feedback
Sports
Athletes
MLB
NBA
NHL
NFL
Soccer
Sports Teams
WWE
NCAA
Football
Premier League
Basketball
Baseball
Hockey
Golf
Tennis
Cricket
Rugby
Auto Racing
Olympics
World Cup
Sports
Athletes
MLB
NBA
NHL
NFL
Soccer
Sports Teams
WWE
NCAA
Football
Premier League
Basketball
Baseball
Hockey
Golf
Tennis
Cricket
Rugby
Auto Racing
Olympics
World Cup
Random Quiz
Search Sporcle
×
Quiz Lab
Quiz Lab
Sports
MLB
Type in answers that appear in a list
Type in answers that appear in a list
Classic
Best Score? Go Orange.
MLB Fantasy 2015 Top 50 Starting Pitchers Stats
Can you name the MLB Fantasy 2015 Top 50 Starting Pitchers?
By
JeterFan2
14m
50 Questions
972 Plays
972 Plays
972 Plays
Comments
Comments
Give Quiz Kudos
Give Quiz Kudos
-
- Ratings
hide this ad
Replay
Link that replays current quiz
Next Quiz
Link to next quiz in quiz playlist
You Got
0%
They Got
Avg Score
69%
Avg Friend Score
Upgrade to see
Score Distribution
Jump to the score distribution portion of the page
Score
0/50
Timer
14:00
0
Plays Today
#
Pitcher
% Correct
1
Clayton Kershaw
99.7%
2
Felix Hernandez
98.6%
6
Max Scherzer
97.3%
5
Stephen Strasburg
96.9%
4
Chris Sale
95.8%
8
Madison Bumgarner
94.9%
7
David Price
93.3%
9
Johnny Cueto
93.2%
3
Corey Kluber
92.9%
19
Jon Lester
92.6%
14
Adam Wainwright
92.5%
12
Zack Greinke
91.9%
13
Cole Hamels
91.5%
15
Matt Harvey
90.1%
20
Yu Darvish
83.5%
11
Jordan Zimmermann
83.1%
29
Gio Gonzalez
81.9%
31
James Shields
80.6%
38
Cliff Lee
76.1%
32
Anibal Sanchez
74.5%
25
Sonny Gray
74.3%
44
Doug Fister
72.5%
23
Julio Teheran
71.8%
36
Gerrit Cole
71%
17
Jeff Samardzija
69.7%
#
Pitcher
% Correct
39
Jacob deGrom
68.7%
18
Hisashi Iwakuma
66.3%
10
Jake Arrieta
66.2%
40
Hyun-Jin Ryu
64.6%
49
Francisco Liriano
63.7%
27
Alex Cobb
62.3%
21
Garrett Richards
62.2%
30
Phil Hughes
61.5%
45
Chris Archer
60.9%
41
Lance Lynn
58.7%
47
Dallas Keuchel
58.5%
26
Tyson Ross
57.1%
42
Ervin Santana
56.7%
16
Carlos Carrasco
52.4%
43
Andrew Cashner
52.1%
48
Scott Kazmir
50%
33
Jose Quintana
48.7%
22
Alex Wood
48.5%
46
Mat Latos
46.1%
50
Ian Kennedy
43.6%
34
Marcus Stroman
43.1%
35
Matt Shoemaker
40.5%
24
Collin McHugh
36.7%
37
Drew Smyly
32.7%
28
Mike Fiers
27.3%
Quiz Playlist
Details
Report
Send in Message
Add To Playlist
Classic:
Type in answers that appear in a list
Quiz Source
Last Updated: Feb 16, 2017
Quiz Scoreboard
CHALLENGE
Sign Up to Join the Scoreboard
Show All
Scores
Hide
Comments
May contain spoilers
Recently Published
An Introduction to Baseball
by treessimontrees
Sports
5m
Movies - When Are They Set?
by FPL_Elf
Movies
5m
Popular People in 1961
by mucciniale
History
6m
More to Explore
Quiz From the Vault
Featured Blog Post
Where Did the Easter Bunny Come From?
hide this ad
You Might Also Like...
Tags
MLB Quiz
2015
Fantasy
Starting
Starting Pitchers
team
Top 50
Today's Top Quizzes in Sports
Browse Sports
hide this ad
Today's Top Quizzes in MLB
Browse MLB
Top Contributed Quizzes in Sports
1
Les meilleurs buteurs des matchs entre le PSG et l’OM
2
2022 World Cup Stars
3
FIFA Club World Cup Champions
4
Les entraîneurs de l'OM et du PSG au 21e siècle
5
Name the Premier League winners with different clubs
6
La finale Lions - Afrique du Sud 2021
7
Les joueurs passés par le LOSC et le RC Lens
8
Criteria MLB: Left Handed Sluggers
9
Players with Multiple 50 Home Run Seasons
10
5-to-1: UK Sports Teams
Explore More
Trending Topics
Crossword
Anime
Harry Potter
NBA
Marvel
Kpop
Disney
Song
Country
Soccer
Pokémon
The Office
Puzzle
NFL
WWE
hide this ad
More By:
JeterFan2
Quiz
Plays
Rating
Category
Featured
Created
MLB World Series Rotations, 1990s-2010s
39,216
4.78
Sports
Jan 8, 2015
MLB Top-5 Highest Paid by Team (2016)
32,645
4.61
Sports
Jan 23, 2016
MLB 2023 Highest Paid Players (Top 50)
15,042
5.00
Sports
Jan 11, 2023
MLB: Relief Pitcher Strikeout Leaders Since 2000
14,007
4.63
Sports
Apr 12, 2018
MLB 100 RBI's 1990's
12,002
4.76
Sports
Oct 8, 2014
Go to Creator's Profile
Score Distribution
Quiz Creator Spotlight
JeterFan2
Follow
Send a Message
Quizzes Created
-
Created Quiz Play Count
-
More By This Creator
Popular Quizzes Today
1
Find the Countries of Europe - No Outlines Minefield
2
Find the US States - No Outlines Minefield
3
The Countries of the World
4
Popular People in 1961
5
US States
6
Find the US States
7
1-10 Letter E Words III
8
Risky Map Clicking: Biggest States A-Z
More Sports Quizzes
First XI: Sarri - Chelsea
Quiz Lab
Trending Quizzes
Risky Map Clicking: Least Populous States A-Z
1-10 Letter F Words
1-10 Letter G Words
One Thing in Common: United Kingdom
Not Quite an Element Typing Challenge
Recently Updated
Leaping Animals
pecheneg
Reality TV Shows (A-Z)
bhenderson79
Rickey Henderson's Hall of Fame Teammates
pecheneg
Champions League XIs: Arsenal
pecheneg
Quick Pick: Celebrities in WWE's Hall of Fame
aduchscher
A-Z Keypad Blitz II
pecheneg
Multiple Oscar Actors
pecheneg
Mystery Phrase Blitz: Oscar 'Best Actors'
pecheneg
F. Scott Fitzgerald Novels
LTH
Pick 3 Villains
ddd62291
Trending Topics
NBA
Anime
Crossword
Disney
Marvel
Kpop
Harry Potter
Song
NFL
WWE
Puzzle
Country
Pokémon
Soccer
The Office
Your Account Isn't Verified!
In order to create a playlist on Sporcle, you need to verify the email address you used during registration. Go to your
Sporcle Settings
to finish the process.
Report this User
Report this user for behavior that violates our
Community Guidelines
.
Details:
Send Report
Go to the Sporcle.com Mobile Site →
Comments